书目信息 |
| 题名: |
居住空间设计
|
|
| 作者: | 宋晶 , 罗德泉 , 李忠立 主编 | |
| 分册: | ||
| 出版信息: | 武汉 华中科技大学出版社 2025.07 |
|
| 页数: | 121页 | |
| 开本: | 29cm | |
| 丛书名: | ||
| 单 册: | ||
| 中图分类: | TU241.02 | |
| 科图分类: | ||
| 主题词: | 住宅--室内装饰设计--高等学校--教材 | |
| 电子资源: | ||
| ISBN: | 978-7-5772-1929-5 | |
| 000 | 01378nam0 2200277 450 | |
| 001 | 2529972814 | |
| 005 | 20251125082335.10 | |
| 010 | @a978-7-5772-1929-5@dCNY59.00 | |
| 096 | @aTU241@bsj | |
| 100 | @a20250911d2025 em y0chiy50 ea | |
| 101 | 0 | @achi |
| 102 | @aCN@b420000 | |
| 105 | @aa z 000yy | |
| 200 | 1 | @a居住空间设计@9ju zhu kong jian she ji@f宋晶,罗德泉,李忠立主编 |
| 210 | @a武汉@c华中科技大学出版社@d2025.07 | |
| 215 | @a121页@c图@d29cm | |
| 300 | @a高等院校艺术学门类“十四五”系列教材 华中科技大学出版社“十四五”规划教材 基金资助:四川旅游学院瓷助立项教材 四川省教育厅第三批高等学校省级课程思政示范项目“居住空间设计”成果之一 四川省教育厅2023年省级线上一流本科课程“居住空间设计”成果之一 四川省2024-2026年高等教育人才培养质量和教学改革项目“以学为中心的五维协同教学范式索——以设计类课程为例”改革成果之一 | |
| 330 | @a本书内容突破传统居住空间设计的固有范畴,以城市住宅设计、别设计、青年人才公寓设计康养空间设计、社区改造设计、养老空设计、乡村民居改造设计以及传统村落民居设计等为载体,聚于居空间的空间组织、空间形象塑造、设计方法与表达技巧的学习。 | |
| 503 | @n河南城建学院图书馆 | |
| 606 | 0 | @a住宅@x室内装饰设计@x高等学校@j教材 |
| 690 | @aTU241.02@v5 | |
| 701 | 0 | @a宋晶@9song jing@4主编 |
| 701 | 0 | @a罗德泉@9luo de quan@4主编 |
| 701 | 0 | @a李忠立@9li zhong li@4主编 |
| 801 | 0 | @aCN@bMuseLib.NET@c20250911 |
| 905 | @aZUCC@dTU241.02@eS766 | |
| 居住空间设计/宋晶,罗德泉,李忠立主编.-武汉:华中科技大学出版社,2025.07 |
| 121页:图;29cm |
| 高等院校艺术学门类“十四五”系列教材 华中科技大学出版社“十四五”规划教材 基金资助:四川旅游学院瓷助立项教材 四川省教育厅第三批高等学校省级课程思政示范项目“居住空间设计”成果之一 四川省教育厅2023年省级线上一流本科课程“居住空间设计”成果之一 四川省2024-2026年高等教育人才培养质量和教学改革项目“以学为中心的五维协同教学范式索——以设计类课程为例”改革成果之一 |
| ISBN 978-7-5772-1929-5:CNY59.00 |
| 本书内容突破传统居住空间设计的固有范畴,以城市住宅设计、别设计、青年人才公寓设计康养空间设计、社区改造设计、养老空设计、乡村民居改造设计以及传统村落民居设计等为载体,聚于居空间的空间组织、空间形象塑造、设计方法与表达技巧的学习。 |
| ● |
| 相关链接 |
|
|
|
正题名:居住空间设计
索取号:TU241.02/S766
 
预约/预借
| 序号 | 登录号 | 条形码 | 馆藏地/架位号 | 状态 | 备注 |
| 1 | 1555790 | 215557902 | 建筑与城市规划学院资料室/ [索取号:TU241.02/S766] | 在馆 | |
| 2 | 1555791 | 215557911 | 建筑与城市规划学院资料室/ [索取号:TU241.02/S766] | 在馆 | |
| 3 | 1555792 | 215557920 | 建筑与城市规划学院资料室/ [索取号:TU241.02/S766] | 在馆 |